Central Library OPAC University of Rajshahi

Geography of Bangladesh / (Record no. 28584)

MARC details
000 -LEADER
fixed length control field 00741cam a22002532 4500
001 - CONTROL NUMBER
control field 28584
003 - CONTROL NUMBER IDENTIFIER
rucl marc code BD-RJUL
005 - DATE AND TIME OF LATEST TRANSACTION
control field 20211209051313.0
008 - FIXED-LENGTH DATA ELEMENTS--GENERAL INFORMATION
fixed length control field 140331s1977 bg b b 001 0 eng
035 ## - SYSTEM CONTROL NUMBER
System control number OCLC ocm04638928 from D960827M
-- (BD-RJUL)28665
040 ## - CATALOGING SOURCE
Original cataloging agency DLC
Transcribing agency DLC
Modifying agency EQO
-- BD-RJUL
Language of cataloging eng
041 ## - LANGUAGE CODE
Language code of text/sound track or separate title eng
082 00 - DEWEY DECIMAL CLASSIFICATION NUMBER
Classification number 954.92
Author mark and year RAG 1977
100 1# - MAIN ENTRY--PERSONAL NAME
Personal name Rashid, Haroun.
9 (RLIN) 66242
245 10 - TITLE STATEMENT
Title Geography of Bangladesh /
Statement of responsibility, etc. Haroun er Rashid.
260 ## - PUBLICATION, DISTRIBUTION, ETC. (IMPRINT)
Place of publication, distribution, etc. Dacca :
Name of publisher, distributor, etc. University Press,
Date of publication, distribution, etc. 1977.
300 ## - PHYSICAL DESCRIPTION
Pagination xvi, 579 p. :
Illustrations maps ;
Size 22 cm.
504 ## - BIBLIOGRAPHY, ETC. NOTE
Bibliography, etc Bibliography: p. [539]-566.
Bibliography, etc Includes index.
651 #0 - SUBJECT ADDED ENTRY--GEOGRAPHIC NAME
Geographic name Bangladesh
General subdivision Geography.
9 (RLIN) 87542
942 ## - ADDED ENTRY ELEMENTS (KOHA)
Source of classification or shelving scheme Dewey Decimal Classification
Koha item type Books
Holdings
Lost status Source of classification or shelving scheme Damaged status Not for loan Collection code Permanent Location Current Location Shelving location Date acquired Source of acquisition Cost, normal purchase price Total Checkouts Total Renewals Full call number Date last seen Date checked out Copy number Koha item type
  Dewey Decimal Classification     Non-fiction Central Library, University of Rajshahi Central Library, University of Rajshahi   04/07/1983 Aligrah Lib.Raj 80.00 7 1 954.92 RAG 1977 24/11/2024 04/11/2024 C-7 Books